书目信息 |
| 题名: |
中国人口流动方式与途径(1990-1999)
|
|
| 作者: | 蔡昉 主编 | |
| 分册: | ||
| 出版信息: | 北京 社会科学文献出版社 2001.07 |
|
| 页数: | 348页 | |
| 开本: | 32开 | |
| 丛书名: | ||
| 单 册: | ||
| 中图分类: | C922.2 | |
| 科图分类: | ||
| 主题词: | 人口流动--研究--中国 | |
| 电子资源: | ||
| ISBN: | 7-80149-545-4 | |
| 000 | 00608nam0 2200193 45 | |
| 001 | 0211260911 | |
| 005 | 20031219104101.4 | |
| 010 | @a7-80149-545-4@dCNY25.00 | |
| 100 | @a20021126d2001 km y0chiy0120 ea | |
| 101 | 0 | @achi |
| 105 | @aa z 000yy | |
| 200 | 1 | @a中国人口流动方式与途径(1990-1999)@AZhong Guo Ren Kou Liu Dong Fang Shi Yu Tu Jing(1990-1999)@f蔡昉主编@FCai Fang Zhu Bian |
| 210 | @a北京@c社会科学文献出版社@d2001.07 | |
| 215 | @a348页@d32开 | |
| 606 | 0 | @a人口流动@x研究@y中国 |
| 690 | @aC922.2@v4 | |
| 701 | @a蔡昉@4主编 | |
| 801 | @aCN@bTSTC@c20021126 | |
| 905 | @b318210-211@dC922.2@e45@f2 | |
| 中国人口流动方式与途径(1990-1999)/蔡昉主编.-北京:社会科学文献出版社,2001.07 |
| 348页;32开 |
| ISBN 7-80149-545-4:CNY25.00 |
| ● |
| 相关链接 |
|
|
|
|
正题名:中国人口流动方式与途径(1990-1999)
索取号:C922.2/45
 
预约/预借
| 序号 | 登录号 | 条形码 | 馆藏地/架位号 | 状态 | 备注 |
| 1 | 0318210 | 203182108 | 第一借阅区/ [索取号:C922.2/45] | 在馆 | |
| 2 | 0318211 | 203182117 | 第一样本阅览室/ [索取号:C922.2/45] | 在馆 |